Il corpo e l'abbandono

Guardat en:
Dades bibliogràfiques
Autor principal: Pozzi, Walter G.
Format: Llibre
Idioma:anglès
Publicat: Milano Giovanni Tranchida 1997
Etiquetes: Afegir etiqueta
Sense etiquetes, Sigues el primer a etiquetar aquest registre!

MARC

LEADER 00000nam a2200000 4500
005 20231112213652.0
008 231112b |||||||| |||| 00| 0 eng d
020 |a 8880031465 
040 |c C 
082 |a 853.914 
100 |a Pozzi, Walter G. 
245 |a Il corpo e l'abbandono 
260 |a Milano  |b Giovanni Tranchida  |c 1997 
942 |2 ddc  |c BK  |n 0 
952 |0 0  |1 0  |2 ddc  |4 0  |6 853_914000000000000_POZ_ILC  |7 1  |9 188  |a GE  |b GE  |d 2015-11-25  |l 0  |o 853.914 POZ ILC  |p 2621  |r 2023-11-12 21:34:24  |w 2023-11-12  |y BK 
999 |c 154  |d 154